Social Exclusion of Lesbian, Gay, Bisexual and Transgender (LGBT) People in Hungary

Guardat en:
Dades bibliogràfiques
Autor corporatiu: Institute of Sociology Hungarian Academy of Sciences
Format: Llibre
Idioma:anglès
Etiquetes: Afegir etiqueta
Sense etiquetes, Sigues el primer a etiquetar aquest registre!

MARC

LEADER 00000nam a2200000 4500
005 20240724162408.0
008 240724b |||||||| |||| 00| 0 eng d
040 |c GP 
110 |a Institute of Sociology Hungarian Academy of Sciences 
245 |a Social Exclusion of Lesbian, Gay, Bisexual and Transgender (LGBT) People in Hungary 
942 |2 ddc  |c BK  |n 0 
952 |0 0  |1 0  |2 ddc  |4 0  |6 306_766000000000000_INS  |7 1  |9 1677  |a RM  |b RM  |d 2024-07-24  |l 0  |o 306.766 INS  |p 168  |r 2024-07-24 16:24:27  |w 2024-07-24  |y BK 
999 |c 1490  |d 1490